000 00367nam a2200157Ia 4500
005 20250425161112.0
008 250425s9999 xx 000 0 und d
041 _aspa
082 _a595.3843
245 0 _aEXPERIMENTOS DE TRANSPORTE DE LARVAS Y DE CAM
250 _aS.E.
260 _aS.L.
260 _aSin Pais
_bESPOL
_c1979
942 _c01
010 _a12696
999 _c202446
_d202446